El sector externo argentino desde la crisis de la deuda (Registro nro. 29394)
[ vista simple ]
| 000 -LEADER | |
|---|---|
| fixed length control field | 00415 a2200121 4500 |
| 001 - CONTROL NUMBER | |
| control field | ART_26490 |
| 005 - DATE AND TIME OF LATEST TRANSACTION | |
| control field | 20260410161940.0 |
| 008 - FIXED-LENGTH DATA ELEMENTS--GENERAL INFORMATION | |
| fixed length control field | 260409a |
| 100 1# - MAIN ENTRY--PERSONAL NAME | |
| Personal name | Rozenwurcel, Guillermo |
| 245 10 - TITLE STATEMENT | |
| Title | El sector externo argentino desde la crisis de la deuda |
| 700 1# - ADDED ENTRY--PERSONAL NAME | |
| Personal name | Sánchez, Marcelo |
| 773 0# - HOST ITEM ENTRY | |
| Title | Ciclos en la historia, la economía y la sociedad |
| Related parts | - Vol. IV, Nº 6 (ene./jun. 1994) |
| Record control number | REV26321 |
No hay ítems disponibles.